| 000 | 02088nam a2200505 i 4500 | ||
|---|---|---|---|
| 001 | 197641 | ||
| 003 | ES-MaACL | ||
| 005 | 20250812080430.0 | ||
| 007 | ta | ||
| 008 | 010222s2000 sp a c 000 0 spa c | ||
| 017 |
_aS 229-2000 _bOficina Depósito Legal Salamanca |
||
| 020 | _a8488265751 | ||
| 035 | _a(ES-BaCBU).b42883489 | ||
| 035 | _a(OCoLC)804475999 | ||
| 035 | _a991011767819706706 | ||
| 040 |
_aES-BaCBU _bcat _cES-BaCBU |
||
| 080 | _a7 | ||
| 084 |
_a7.047(46Cas) _2z |
||
| 084 |
_a7(064)(46Ast)"2000" _2z |
||
| 245 | 1 | 0 |
_aEncrucijadas / _c[secretaría y coordinación, Maria Meléndez Alonso; comisario general: Antonio-Ignacio Melendez Alosnso] |
| 246 | 3 | 3 | _aEdades del Hombre |
| 246 | 1 | 8 | _aEdades del hombre : encrucijadas |
| 260 |
_a[Valladolid] : _bLas Edades del Hombre, _c2000 |
||
| 300 |
_a480 páginas : _bilustrado a color ; _c30 cm |
||
| 336 |
_2rdacontent _atexto |
||
| 337 |
_2rdamedia _asin mediación |
||
| 338 |
_2rdacarrier _avolumen |
||
| 500 | _aCatálogo de la exposición en la Catedral de Astorga del 4 de mayo al 5 de noviembre del 2000. | ||
| 504 | _aBibliografía páginas 469-480 | ||
| 650 | 0 | 0 |
_aArte religioso- _zCastilla y León- _xExposiciones _9240991 |
| 655 | 7 |
_2tgfbne _9193628 _aCatálogos de exposiciones |
|
| 700 |
_aMeléndez Alonso, Antonio-Ignacio _9240990 _eorm |
||
| 700 |
_aMeléndez Alonso, María _9240994 _esec |
||
| 710 | 2 |
_aCatedral de Astorga _9241022 |
|
| 710 | 2 |
_aFundación Las Edades del Hombre _9148337 |
|
| 711 | 2 |
_aLas Edades del Hombre _n(8a : _d2000 : _cAstorga, Castilla y León) _9241023 |
|
| 830 | 3 |
_aLas Edades del hombre _9241024 |
|
| 852 |
_aES-MaACL _cDEPO1 _jA-15727 _hDonación: Fernando Codina Rodríguez _xEncuadernación rústica _9206085 |
||
| 856 | 4 |
_zInformación relacionada _uhttp://www.lasedades.es |
|
| 903 |
_aCodina Rodríguez, Fernando _ednr _9238631 |
||
| 942 |
_n0 _cMONOGRAFIA |
||
| 999 |
_c197641 _d197641 |
||